01005nam a2200229 a 450000500170000000800410001702000180005804100080007610000270008424500770011125000990018826000360028730000150032350001210033865300810045965300400054065300490058065300420062965300340067165300270070565300430073220240516131955.0100311s2008||||sp d f |||| 001 0 spa d a9788497514514 aspa1 aGabbard, Glen O.eDir. aTratamientos de los Trastornos Psiquiátricos. bT.2 /cGlen O. Gabbard a1a ed.bTraducción José Luis Agud Aparicio. Revisión cientifica Consuelo de Dios Perrino aBarcelona: bArs Medica;c2009. a463-919 p. aGabbard, G. O. (Dir.). (2009). Tratamientos de los Trastornos Psiquiátricos. T.2 (1a ed.). Barcelona : Ars Medica. aTrastornos de ansiedad, trastornos dosiciativos y trastornos de adaptación aTrastornos somatomorfos y facticios aTrastornos sexuales y de la identidad sexual aTrastornos de la conducta alimentaria aTrastornos de la personalidad aTrastornos del sueño aTrastornos del control de los impulsos